Catalog

Record Details

Catalog Search



Still no word from you : notes in the margin / ... Read More

Orner, Peter,(author.).

Available copies

  • 1 of 1 copy available at LARL/NWRL Consortium.
  • 1 of 1 copy available at Lake Agassiz Regional Library. (Show preferred library)

Current holds

0 current holds with 1 total copy.

Show Only Available Copies
Location Call Number / Copy Notes Barcode Shelving Location Status Due Date
Moorhead Public Library 814.6 ORN (Text) 33500013701875 Main Available -

Record details

  • ISBN: 9781646221363
  • ISBN: 1646221362
  • Physical Description: 302 pages ; 22 cm
  • Edition: First Catapult edition.
  • Publisher: New York : Catapult, 2022.

Content descriptions

Bibliography, etc. Note:
Includes bibliographical references (pages ... Read More
Summary, etc.:
"From the acclaimed fiction writer...comes Still ... Read More
Subject: Orner, Peter > Books and reading.
Authors, American > 20th century > Books and reading.
Books and reading.
Genre: Creative nonfiction.
Essays.
LDR 01636cam a22003617i 4500
001394324
003LARL_NWRL_CONSORTIUM
00520221031184534.0
008221007s2022 nyu b 000 0deng d
040 . ‡aNjBwBT ‡beng ‡cJAG ‡erda ‡dOCO ‡dOQX
020 . ‡a9781646221363 ‡q(hardcover)
020 . ‡a1646221362 ‡q(hardcover)
035 . ‡a(OCoLC)1346997487
08204. ‡a814/.6 ‡223/eng/20221006
1001 . ‡aOrner, Peter, ‡eauthor. ‡0(LARL_NWRL_CONSORTIUM)226254
24010. ‡aEssays. ‡kSelections
24510. ‡aStill no word from you : ‡bnotes in the margin / ‡cPeter Orner.
250 . ‡aFirst Catapult edition.
264 1. ‡aNew York : ‡bCatapult, ‡c2022.
300 . ‡a302 pages ; ‡c22 cm
336 . ‡atext ‡btxt ‡2rdacontent
337 . ‡aunmediated ‡bn ‡2rdamedia
338 . ‡avolume ‡bnc ‡2rdacarrier
520 . ‡a"From the acclaimed fiction writer...comes Still No Word from You, a unique chain of essays and intimate stories that meld the lived life and the reading life. Covering such well-known writers as Lorraine Hansberry, Primo Levi, and Marilynne Robinson, as well as other greats like Maeve Brennan and James Alan McPherson, Orner's highly personal take on literature alternates with his own true stories of loss and love, hope and despair"-- ‡cProvided by publisher.
504 . ‡aIncludes bibliographical references (pages 293-300).
60010. ‡aOrner, Peter ‡xBooks and reading.
650 0. ‡aAuthors, American ‡y20th century ‡xBooks and reading.
650 0. ‡aBooks and reading. ‡0(LARL_NWRL_CONSORTIUM)15264
655 7. ‡aCreative nonfiction. ‡2lcgft
655 7. ‡aEssays. ‡2lcgft
901 . ‡a394324 ‡bOCoLC ‡c394324 ‡tbiblio ‡soclc

Additional Resources